000
00360nam a2200169Ia 4500
008
210210b1952 xxu||||| |||| 00| 0 eng d
041
_a
eng
082
_a
534/46
100
_a
RAJAN (S R Govinda)
245
_a
Sound
260
_a
Madras
_b
-
_c
1952
300
_a
240
650
_a
Sound
690
_a
Sound
700
_a
MURUGAIYAN (T)
906
_a
008534
999
_c
126481
_d
126481